Central Library OPAC University of Rajshahi

Measurement of the flow of resources to developing countries : (Record no. 61458)

MARC details
000 -LEADER
fixed length control field 00878nam a2200229 a 4500
001 - CONTROL NUMBER
control field 61458
003 - CONTROL NUMBER IDENTIFIER
rucl marc code BD-RjUL
005 - DATE AND TIME OF LATEST TRANSACTION
control field 20211209080951.0
008 - FIXED-LENGTH DATA ELEMENTS--GENERAL INFORMATION
fixed length control field 170118s1967 nyu||||| |||| 00| 0 eng d
035 ## - SYSTEM CONTROL NUMBER
System control number (BD-RjUL) 61582
040 ## - CATALOGING SOURCE
Original cataloging agency BD-RjUL
Language of cataloging eng
Transcribing agency BD-RjUL
041 ## - LANGUAGE CODE
Language code of text/sound track or separate title eng
082 ## - DEWEY DECIMAL CLASSIFICATION NUMBER
Edition number 23
Classification number 338.91
Author mark and year DEM 1967
110 ## - MAIN ENTRY--CORPORATE NAME
Corporate name or jurisdiction name as entry element Department of Economic and Social Affairs
9 (RLIN) 183189
245 ## - TITLE STATEMENT
Title Measurement of the flow of resources to developing countries :
Remainder of title a report on methodological problems by a group of experts appointed by the Secretary-General /
Statement of responsibility, etc. Department of Economic and Social Affairs.
260 ## - PUBLICATION, DISTRIBUTION, ETC. (IMPRINT)
Place of publication, distribution, etc. New York :
Name of publisher, distributor, etc. United Nations,
Date of publication, distribution, etc. 1967.
300 ## - PHYSICAL DESCRIPTION
Pagination xv, 131 p. ;
Size 21 cm.
490 ## - SERIES STATEMENT
Series statement United Nations publication.
Volume/sequential designation Sales no.: 67. II. D.17
650 ## - SUBJECT ADDED ENTRY--TOPICAL TERM
Topical term or geographic name as entry element International development and growth
9 (RLIN) 183190
856 ## - ELECTRONIC LOCATION AND ACCESS
Materials specified United Nations publication.
942 ## - ADDED ENTRY ELEMENTS (KOHA)
Source of classification or shelving scheme Dewey Decimal Classification
Koha item type Books
Holdings
Lost status Source of classification or shelving scheme Damaged status Not for loan Collection code Permanent Location Current Location Shelving location Date acquired Source of acquisition Cost, normal purchase price Total Checkouts Full call number Date last seen Copy number Koha item type
  Dewey Decimal Classification   Not For Loan Non-fiction Central Library, University of Rajshahi Central Library, University of Rajshahi Reading Room 22/07/1968 Miraza book Agency 7.50   338.91 DEM 1967 18/01/2017 C-1 Books